[Event "EU-ch 5th"]
[Site "Antalya"]
[Date "2004.05.20"]
[Round "5"]
[White "Ivanchuk, Vassily"]
[Black "Navara, David"]
[Result "1/2-1/2"]
[WhiteElo "2716"]
[BlackElo "2602"]
[Annotator "Golod,V"]
[PlyCount "117"]
[EventDate "2004.05.15"]
[EventType "swiss"]
[EventRounds "13"]
[EventCountry "TUR"]
[SourceTitle "CBM 101"]
[Source "ChessBase"]
[SourceDate "2004.07.27"]
[SourceVersion "1"]
[SourceVersionDate "2004.07.27"]
[SourceQuality "1"]

1. d4 Nf6 2. c4 e6 3. Nc3 Bb4 4. Qc2 O-O 5. e4 d5 6. e5 Ne4 7. a3 Bxc3+ 8. bxc3
c5 9. Bd3 (9. Bb2 $5 {See comments to Sarkar,J-Shahade,G/Seattle,2003/CBM 93
(1-0)(Atlas,V)(37)}) 9... cxd4 ({More common used is:} 9... Qa5 {You can see
my comments to Erdos,V-Gyimesi,Z/Nagykanizsa,2003/CBM 99(1/2-1/2)(30)}) ({
and after:} 9... Nc6 {you can find four game in Mega Database 2004.}) 10. cxd4
Nc6 ({After:} 10... Qa5+ 11. Kf1 Bd7 $5 {[%csl Ga4][%cal Yd7a4] (This move
have to be tested more!)} (11... Nc6 12. Bxe4 dxe4 13. Bb2 Qa6 14. Ne2 Na5 15.
Rc1 $11 (15. c5 $2 b6 16. Qxe4 Bb7 17. Qg4 bxc5 $17 {[%csl Rf1][%cal Gb7g2]
Zimmerman,Yuri-Belichev,Nikolai/Budapest,1999(0-1)(27)})) 12. f3 $5 (12. Ne2
Ba4 13. Qb2 Nc6 14. cxd5 exd5 15. Be3 $13 {Karpov,A-Polgar,J/Hoogeveen,2003(1/
2-1/2)(67)}) 12... Ba4 $1 (12... f5 $143 13. Ne2 Nc6 14. Qb2 $16) 13. Qb2 Qc3
$13) 11. Ne2 Qa5+ 12. Kf1 Nb4 $6 {Too dangerous line.It is not seems to me a
correct line.} (12... f5 $143 13. Rb1 Qd8 $14) (12... Bd7 $2 13. Rb1 f6 (13...
Nd8 14. f3 f5 15. cxd5 exd5 16. Qb2 $14 {[%cal Gc1e3,Gb2b4]}) 14. cxd5 exd5 15.
Rb5 Qd8 16. Rxd5 $18 {El Gindy,E-Pavlovic,M/Linares,2003(1-0)(27)}) ({Looks
interesting:} 12... f6 $5 {You can see my annotation to Morovic Fernandez,
I-Quezada,Y/Havana,2004/CBM 101(1-0)(43)}) 13. axb4 Qxa1 14. f3 f5 15. Qb1 ({
Looks trivial, but badly is:} 15. g3 $6 dxc4 $1 {Right decision!Black should
to open the position for his bishop and try to exploit white's king weakness.}
(15... Bd7 $6 16. Kg2 Rac8 17. c5) 16. Bxc4 b5 $1 17. Bxb5 Bb7 {[%csl Gb7]
[%cal Ge4g5,Gb7h1,Gf8c8]} 18. Bc4 (18. Kg2 $143 Rfc8 19. Qb3 Bd5 $17) 18... Ng5
19. Qa2 Qxa2 20. Bxa2 Nxf3 21. Bxe6+ Kh8 22. d5 Nxe5 $15) 15... Qa4 $5 $146 ({
Also once were checked in the preceding game:} 15... Qxb1 $6 16. Bxb1 a5 17. b5
a4 18. fxe4 fxe4+ 19. Ke1 $14 {Shariyazdanov,A-Rashkovsky,N/Oberwart,2002(1-0)
(28)}) 16. Ke1 a5 17. fxe4 (17. Bc2 $143 $6 Qxb4+ 18. Qxb4 axb4 19. fxe4 dxc4
$15 {[%csl Gb4,Gc4]}) 17... fxe4 18. Bc2 Qxb4+ (18... Qc6 $143 19. c5 a4 (19...
Bd7 $5) 20. b5 Qe8 21. Rf1 $14) 19. Qxb4 axb4 20. cxd5 $6 ({In order to get
something from the opening,necessary was:} 20. Bb3 $1 dxc4 (20... Ra5 21. Ng3
Ra1 (21... Kh8 22. Ke2 $16 {[%csl Rb4,Rc8][%cal Gc1d2,Gd2b4] After White
succeeded to develop his pieces,nothing can protect all Black weaknesses.}) 22.
Ke2 Rb1 23. Bc2 Ra1 24. cxd5 exd5 25. Bb3 Bg4+ (25... Be6 26. Nxe4 $18) 26. Kd2
$16) 21. Bxc4 Ra1 (21... Bd7 22. Bb2 Rfc8 23. Bb3 $16 {[%csl Re4,Re6][%cal
Ye1d2,Yd2e3]}) 22. d5 $1 ({Too slowly is:} 22. Kd2 $6 Bd7 {/\Rc8} 23. h4 Rc8
24. Bb3 $13) 22... exd5 (22... b5 23. Bb3) 23. Bxd5+ Kh8 24. e6 $1 {[%csl Ge6]}
Re8 25. Rf1 $16 {[%cal Ye6e7]}) 20... exd5 21. Bb3 Be6 $11 {White got nothing
from the opening and this position has strong drawish tendencys.} 22. Rf1 (22.
Bb2 $6 e3 $1 {[%csl Ye3][%cal Gf8f2]} 23. Rf1 Rxf1+ 24. Kxf1 Rf8+ 25. Ke1 Rf2
26. Bc1 Rxg2 27. h4 Rh2 28. Bxe3 Rxh4 29. Nf4 Kf7 30. Bxd5 Bxd5 31. Nxd5 $15)
22... Rxf1+ 23. Kxf1 Ra1 24. Kf2 {[%cal Yf2e3,Ye3d2,Yd2c2] White transfers his
king to the queen side in order to release his dark squares bishop, while
Black transfers his king to the center in order to release his only bishop.}
Kf7 25. h3 {><g4} Rb1 26. Ba2 Ra1 27. Bb3 Rb1 28. Bc2 (28. Ba2 Ra1 29. Bb3 $11)
28... Ra1 29. Ke3 g5 {[%csl Yg5][%cal Yg5f4] Protecting square "f4" from
future possibility Nf4.} 30. Bb3 Rb1 31. Ba2 Ra1 32. Bb3 Rb1 33. Bc2 (33. Ba2
Ra1 $11) 33... Ra1 34. Kd2 $2 {Vassily Ivanchuk declined draw second time,but
after this declining he might get a worse position.Though,this time necessary
was: 34.Bb3=} Bd7 $1 35. Bb3 Ke6 {[%csl Ye6]} 36. Kc2 {Both kings achieved
their optimal places.But now,Black has a clear plan - to transfer his bishop
to c4,while his dark squares contender has no real options for development.}
Bb5 37. Kb2 Ra3 {[%cal Yb5c4]} (37... Ra8 $143 38. Ng3 {[%csl Rb4,Rg5][%cal
Gc1d2,Gd2b4,Gc1g5]}) 38. Nc3 Rxb3+ $2 {David Navara transfers the game to
drawish endgame,instead of keeping tension by exchanging white colors bishops.}
({Leads to big advantage:} 38... Bc4 $1 39. Bxc4 dxc4 40. Nxe4 h6 $1 41. Nd6 (
41. Kb1 $143 Ra8 42. Be3 c3 43. Nf6 b5 44. g4 b3 45. Ne4 b4 {[%csl Gb3,Gb4,Gc3]
} 46. Nc5+ Kd5 47. Nxb3 Kc4 $19) ({of course badly is:} 41. Nc5+ $2 Kd5 42. e6
Rg3 $19) 41... c3+ 42. Kb1 (42. Kc2 Ra2+ 43. Kb3 Ra1 $1 44. Kc2 b3+ 45. Kxc3
Rxc1+ 46. Kxb3 Rg1 $19) 42... Ra8 {[%csl Yd5][%cal Ga8f8,Gf8f2,Gb4b3,Ge6d5]
White has no valuable moves!} 43. Nc4 {[%csl Ra8][%cal Gd4d5]} Ra6 44. Kc2 Ra2+
45. Kd3 $1 {[%cal Yd3e4,Yd4d5] White's only chance.} (45. Kb3 Ra1 46. Kc2 (46.
Be3 $144 b5 $1 47. Nd6 Rb1+ 48. Kc2 Re1 49. Bc1 b3+ 50. Kxc3 Rxc1+ 51. Kxb3 Rg1
$19) 46... b3+ 47. Kxc3 Rxc1+ 48. Kxb3 h5 $19) 45... b5 46. Nd6 $1 (46. Ne3
$143 Ra1 47. Kc2 b3+ 48. Kxc3 Rxc1+ 49. Kxb3 Re1 50. Ng4 h5 $19) 46... Rxg2 47.
Nxb5 Rh2 $1 $17) 39. Kxb3 bxc3 40. Bxg5 $11 {[%csl Yb5,Gg5] It was possible to
sign draw agreement there, but David preferred to continue a game.} Bf1 41.
Kxc3 Bxg2 42. h4 Kd7 43. Kb4 Kc6 44. e6 Bh3 45. e7 Bd7 46. Ka5 b6+ 47. Ka6 $1 (
{less exact, but still a draw:} 47. Kb4 Kd6 48. Kc3 Ke6 49. Kd2 Be8 50. Kc3 h6
51. Bxh6 Kxe7 52. Bc1 $11 {[%csl Re3][%cal Yc1a3,Yc3d2,Yd2e3] White transfers
his bishop to /^a3-f8 ,where he can defend the pawn from e7 (if necessary),
while the king goes to "e3".Black has no plan to improve his position.}) 47...
b5 48. Ka5 Kd6 49. Kb4 Be8 50. Kc3 Ke6 51. Kb4 Kd6 52. Kc3 h6 53. Bxh6 {
Now drawn game is inevitable!} Kxe7 54. Kb4 Kd6 55. Bc1 Kc6 56. Kc3 Bh5 57. Kb4
Be2 58. Be3 Kd6 59. h5 1/2-1/2

[Event "FIDE-Wch k.o."]
[Site "Tripoli"]
[Date "2004.06.22"]
[Round "2.3"]
[White "Ivanchuk, Vassily"]
[Black "Harikrishna, Pentala"]
[Result "1-0"]
[WhiteElo "2716"]
[BlackElo "2599"]
[Annotator "Huzman,A"]
[PlyCount "67"]
[EventDate "2004.06.19"]
[EventType "k.o."]
[EventRounds "7"]
[EventCountry "LBY"]
[SourceTitle "CBM 102"]
[Source "ChessBase"]
[SourceDate "2004.09.23"]
[SourceVersion "1"]
[SourceVersionDate "2004.09.23"]
[SourceQuality "1"]

1. c4 c6 2. e4 d5 3. exd5 cxd5 4. d4 Nf6 5. Nc3 Nc6 6. Bg5 dxc4 7. Bxc4 e6 8.
Nf3 Be7 9. O-O O-O 10. Rc1 a6 11. Bd3 Bd7 12. Re1 Rc8 (12... Nb4 13. Bb1 Rc8 (
13... Bc6 14. a3 Nbd5 15. Qd3 g6 16. Ne5 Rc8 17. Ba2 $36) 14. Ne5 Bc6 15. Re3
g6 16. Rg3 Nbd5 17. Bh6 Re8 18. Bxg6 fxg6 19. Nxg6 hxg6 20. Qd3 {1-0 Lukacs,
P-Klundt,K/AUT-chT 1994/TD}) (12... Qa5 13. Ne5 Rad8 14. Qf3 $36) (12... Qb6
13. d5 $5 (13. Ne5 $5)) 13. h4 (13. a3 Re8 (13... Nd5 14. Nxd5 (14. h4 Nxc3 15.
bxc3 h6 $1 16. Bxe7 Nxe7 {[%csl Rc3,Rd4][%cal Yb7b5]} 17. c4 b5 18. c5 Nd5 19.
Ne5 Bc6 20. a4 Qxh4 21. Nxc6 Rxc6 22. axb5 axb5 23. Bxb5 Rc7 $11 {1/2-1/2
Ivanchuk,V-Dreev,A/Moscow 2002/CBM 91/[Huzman] (29)}) 14... Bxg5 15. Nxg5 Qxg5
16. Nb6 Rcd8 17. Rc5 $16 {1-0 Gligoric,S-Marjanovic,S/Belgrade 1987/CBM 04 (34)
}) (13... Nd5) 14. Bb1 $1 {[%cal Gd1d3,Gb1h7]} g6 15. Ba2 Na7 16. Ne5 Bc6 17.
Qe2 Nd5 18. Bh6 {[%cal Ge5f7,Ge1e6]} Bf8 19. Qd2 Nb5 20. Ne4 $36 {[%csl Rf6]
1-0 Jussupow,A-Sorokin,M/Elista 1998/CBM 66 ext/[Huzman] (39)}) (13. Bb1 Nd5
$11) 13... Nb4 14. Bb1 Bc6 15. Ne5 g6 (15... Bd5 $5 16. a3 Nc6 17. Qd3 g6 18.
Qe3 $36) 16. Qb3 Nbd5 $6 (16... Qxd4 17. Nxc6 (17. Rcd1 Qc5 18. Nxc6 Nxc6 19.
Qxb7 Rb8 20. Qxa6 Rxb2 $36 {[%cal Yc5f2,Yb2f2]}) 17... Rxc6 18. Be4 Rc7 19.
Rcd1 (19. Be3 Qc4 $15) 19... Qc5 20. Bf3 $1 Qc4 21. Qxc4 Rxc4 22. Bxb7 Rb8 23.
Bf3 Nc2 $132) 17. Nxc6 bxc6 18. Na4 $16 {[%csl Rc6]} Nd7 19. Qg3 Bxg5 20. hxg5
Qa5 21. b3 Rfd8 22. Be4 Qd2 23. Red1 Qb4 24. Bxd5 $1 {[%mdl 32] This is a
great positional decision. White makes Black to get rid of his weak pawn c6
but gets the opportunity to penetrate on file "c".} cxd5 (24... exd5 $142 25.
Qd3 a5 26. Nc5 $16) 25. Rc7 $1 Rxc7 (25... Qb8 $142 26. Rdc1 e5 $5 27. Rxc8
Rxc8 28. Rxc8+ Qxc8 29. dxe5 Qc2 $44) 26. Qxc7 Qb8 27. Rc1 Qa8 $2 (27... Kf8
28. Rc6 Ke8 $16) 28. Rc6 $18 Nf8 (28... Qb8 29. Qd6 a5 30. Qe7 $1 $18) 29. Nc5
e5 (29... a5 30. Ra6 Qb8 31. Qxb8 Rxb8 32. Rxa5 $18) 30. Rf6 exd4 31. Qxf7+ Kh8
32. Rxa6 Qb8 33. Ra7 Qe5 34. Nd3 1-0

[Event "BL2-West 0405"]
[Site "Germany"]
[Date "2005.01.16"]
[Round "5.1"]
[White "Berelowitsch, Alexander"]
[Black "Ivanchuk, Vassily"]
[Result "1/2-1/2"]
[WhiteElo "2541"]
[BlackElo "2705"]
[PlyCount "114"]
[EventDate "2004.10.13"]
[EventType "team-tourn"]
[EventRounds "9"]
[EventCountry "GER"]
[SourceTitle "EXT 2006"]
[Source "ChessBase"]
[SourceDate "2005.11.24"]
[SourceVersion "1"]
[SourceVersionDate "2005.11.24"]
[SourceQuality "1"]
[WhiteTeam "Emsdetten Turm"]
[BlackTeam "Remagen"]
[WhiteTeamCountry "GER"]
[BlackTeamCountry "GER"]

1. e4 e5 2. Nf3 Nf6 3. Nxe5 d6 4. Nf3 Nxe4 5. d4 d5 6. Bd3 Bd6 7. O-O O-O 8. c4
c6 9. Nc3 Nxc3 10. bxc3 dxc4 11. Bxc4 Bg4 12. Re1 Nd7 13. Bd3 Re8 14. Rxe8+
Qxe8 15. Bd2 Nf6 16. h3 Bh5 17. Qe1 c5 18. Qxe8+ Rxe8 19. Be3 Rc8 20. Bf5 Rc7
21. dxc5 Bxc5 22. Rd1 Kf8 23. Bf4 Re7 24. Rd8+ Re8 25. Rxe8+ Kxe8 26. Be5 Bxf3
27. gxf3 Ke7 28. Bxf6+ Kxf6 29. Be4 b6 30. Kf1 Ke5 31. Ke2 f5 32. Bd3 Ba3 33.
Bc4 Bb2 34. Bg8 h6 35. Kd3 Kf4 36. Bd5 Kg5 37. Be6 Ba3 38. Ke2 Bd6 39. Bd7 Be5
40. Kd3 Bf6 41. Be6 Be7 42. Ke2 Kf4 43. Bd7 Bf6 44. c4 Bd4 45. a4 Bc5 46. Be6
Ke5 47. Bd7 f4 48. Be8 Kd4 49. Bb5 Kc3 50. Ba6 Kb3 51. Bb5 Kb4 52. Kd3 Bd6 53.
Ke2 Be7 54. Kd3 Bc5 55. Ke2 Ka5 56. Bd7 Bd4 57. Bc6 Bc5 1/2-1/2

[Event "Olympiad-36"]
[Site "Mallorca"]
[Date "2004.10.18"]
[Round "4"]
[White "Morozevich, Alexander"]
[Black "Ivanchuk, Vassily"]
[Result "0-1"]
[WhiteElo "2758"]
[BlackElo "2705"]
[Annotator "Lukacs,P"]
[PlyCount "59"]
[EventDate "2004.10.15"]
[EventType "team-swiss"]
[EventRounds "14"]
[EventCountry "ESP"]
[SourceTitle "CBM 104"]
[Source "ChessBase"]
[SourceDate "2005.01.27"]
[SourceVersion "1"]
[SourceVersionDate "2005.01.27"]
[SourceQuality "1"]
[WhiteTeam "Russia"]
[BlackTeam "Ukraine"]
[WhiteTeamCountry "RUS"]
[BlackTeamCountry "UKR"]

1. e4 {[%mdl 1]} c6 2. d4 d5 3. e5 Bf5 4. f4 $5 e6 5. Nf3 c5 6. Be3 {White
wants to strengthen his [+] by all means.} (6. Nc3 Nc6 7. Be3 Bg4 8. Be2 Nh6 9.
dxc5 Bxf3 10. Bxf3 Nf5 11. Bg1 (11. Bf2 {looked more natural.}) 11... g5 $5 12.
Qd3 Qa5 (12... Nh4 $5 13. g3 Nxf3+ 14. Qxf3 Qa5 15. O-O-O $14) 13. O-O-O (13.
Qb5 Qc7 14. Bxd5 $1 gxf4 15. O-O-O O-O-O) 13... O-O-O 14. Qb5 Qxb5 (14... Qc7 {
avoiding the exchange of Q leads to an unexpected blow...} 15. Nxd5 $1 Rxd5 (
15... exd5 16. Bg4 Nce7 17. Qd3 Qd7 18. c6 $1 bxc6 19. Bc5 $16 {and Black
founders on the pin.}) 16. Rxd5 (16. Bxd5 exd5 17. Qd3 Nfe7 $13) 16... exd5 17.
Bg4 gxf4 18. Bxf5+ Kb8 19. Bf2 $16 {Granda Zuniga-Aderito, Calvia 2004}) 15.
Nxb5 gxf4 $13) 6... cxd4 $142 (6... Nc6 7. dxc5 (7. Nc3) 7... Qa5+ (7... Nh6 8.
Nc3) 8. c3 Bxc5 9. b4 Nxb4 10. cxb4 Bxb4+ 11. Bd2 {Black has not enough
counterplay for the sacrificed piece.} Rc8 12. Nd4 Bg4 13. Be2 Bxe2 14. Nxe2
Nh6 15. O-O $16 {Stefansson-P.Johansson, Gausdal 1986}) 7. Nxd4 Ne7 8. Bb5+ (8.
c4 $5 {White wants to open up the position in order to exploit his better
development.} dxc4 (8... a6 $5 9. Nc3 dxc4 {- 8...dxc4}) (8... Nbc6 $6 9. Nb5
$1 $16) 9. Nc3 (9. Bxc4 Nbc6) 9... Nbc6 (9... a6 $5 10. Bxc4 Nbc6) 10. Qa4 $142
(10. Ndb5 Nd5 $1 11. Nxd5 exd5 12. Qxd5 Nb4 13. Qxd8+ Rxd8 $13) 10... a6 (10...
Bd3 $5) 11. Rd1 (11. O-O-O $5 Bd3 $1) 11... Bd3 $1 (11... Qa5 $6 12. Nxf5 Nxf5
13. Qxa5 Nxa5 14. Bb6 Nc6 (14... Bb4 15. a3 Bxc3+ 16. bxc3 Nc6 17. Bxc4 $14)
15. Bxc4 $14) 12. Bxd3 cxd3 13. Rxd3 b5 (13... Qa5 14. Nxc6 Qxa4 (14... Nxc6
15. Qxa5 Nxa5 16. Ke2 $14) 15. Nxa4 Nxc6 16. a3 $14) (13... Nf5 $5 14. Rd2
Nfxd4 15. Bxd4 b5 16. Qd1 Qh4+ 17. g3 Qh3 $13) 14. Qd1 Nb4 15. Rd2 Ned5 $13 {
and if the blockade of d5 works, Black can finally finish his development.})
8... Nd7 (8... Nbc6 9. O-O a6 (9... Bg6 10. Nd2 $14) 10. Bxc6+ bxc6 (10... Nxc6
11. Nxf5 exf5 12. c3 $16) 11. g4 {White has to play agressively here, the P
structure is not so important.} Be4 12. Nd2 $36) 9. O-O a6 10. Be2 (10. Ba4 $5
{keeping the pin was possible.} b5 (10... Bg6 $140 11. f5 $1 Nxf5 12. Nxf5 Bxf5
13. Rxf5 exf5 14. Qxd5 $16) (10... Qc7 11. Nd2 Bg6 (11... b5 $2 12. Bxb5 $1)
12. N2f3 $14) 11. Bb3 $36) 10... g5 $5 (10... Bg6 11. Nd2 $14) 11. g4 $6 {
This is too sharp already.} (11. fxg5 Qc7 (11... Nxe5 12. Nxf5 Nxf5 13. Rxf5
exf5 14. Nc3 $44) (11... Bg7 12. Nxf5 Nxf5 13. Rxf5 exf5 14. Nc3 $44) 12. Nc3
$5 (12. Nxf5 $6 Nxf5 13. Rxf5 $1 exf5 14. Nc3 (14. Qxd5 O-O-O $15) 14... Bc5 $1
$15) (12. Nd2 {/\ c4}) 12... Bg6 13. Ndb5 $1 axb5 14. Nxb5 Qb8 $1 (14... Qxe5
15. Bd4 $1 $18) 15. Nd6+ Kd8 16. Nxf7+ Bxf7 17. Rxf7 Nf5 (17... Nxe5 18. Rf6)
18. Rxf5 $1 exf5 19. Bf4 $1 $44 {White has already sacrificed a whole R, but
the black pieces lack any of harmony.}) 11... gxf4 (11... Be4 12. f5 $1 $40)
12. gxf5 Nxf5 $1 (12... fxe3 13. fxe6 fxe6 (13... Nxe5 14. exf7+ Nxf7 15. Nc3
$44) 14. Bh5+ $1 Ng6 15. Qg4 Ndxe5 (15... Qe7 16. Bxg6+ hxg6 17. Qxg6+ Kd8 18.
Nxe6+ Kc8 19. Nc3 $16) 16. Qxe6+ Qe7 17. Nc3 Qxe6 18. Nxe6 Bd6 (18... Kd7 19.
Nxf8+ Raxf8 20. Nxd5 Ke6 21. Nxe3 Nf4 22. Bf3 $1 Nh3+ 23. Kg2 Rhg8+ 24. Bg4+
Nxg4 25. Nxg4 $16) 19. Nxd5 $14) 13. Nxf5 (13. Bf2 Rg8+ $1 (13... Qg5+ 14. Kh1
Ng3+ (14... Nxe5 15. Rg1) 15. Bxg3 fxg3 16. Rg1 $1 $16) 14. Kh1 Ng3+ $1 15.
Bxg3 fxg3 16. Rg1 Nxe5 17. Rxg3 Rxg3 18. hxg3 Qg5 19. Kg2 Bd6 $13) 13... fxe3
14. Nc3 $6 (14. Nd6+ $142 Bxd6 15. exd6 $14) 14... Rg8+ 15. Kh1 Qg5 16. Bf3 $2
(16. Ng3 Qxe5 $13 (16... Nxe5 17. Qd4 $1 $36) (16... O-O-O 17. Rxf7 h5 18. Bxh5
Bc5 (18... Nxe5 19. Qd4 $1) 19. Qe2 Nxe5 $13)) 16... Nxe5 (16... Qxf5 $2 17.
Bh5 $16) 17. Qe2 (17. Bxd5 $2 O-O-O $19) (17. Nxd5 $2 O-O-O $19) 17... Qxf5 (
17... exf5 18. Nxd5 Bd6 (18... O-O-O 19. Rg1 Ng4 20. Qc4+ Kb8 21. Qc7+ Ka7 22.
Qb6+ Kb8 $13) 19. Rg1 Ng4 20. Nxe3 O-O-O 21. Nxf5 h5 $13) 18. Bxd5 Qh3 $1 {
Black concentrates on the enemy K.} (18... Qg4 19. Qxe3 Qg5 $13 (19... O-O-O
20. Be4 $5 (20. Rg1 exd5 21. Rxg4 Nxg4 22. Qd4 $14) 20... f5 21. Rg1 $14)) 19.
Bxb7 Ra7 20. Bf3 (20. Bg2 Qg4 $15 (20... Qh4 $5)) 20... Bh6 (20... Be7 21. Qxe3
(21. Rad1 f5) 21... Nxf3 22. Qxf3 Qxf3+ 23. Rxf3 Rd7 $17) (20... Bc5 21. Ne4
Be7 22. Qxe3 Nxf3 23. Qxf3 Qxf3+ 24. Rxf3 f5 $17) 21. Ne4 Ke7 (21... Rg6 $1 {
was better.} 22. Bh5 Rg7 23. Rad1 (23. Rf6 Bg5) 23... Ke7 24. Nf6 (24. Rf6 Qh4
$1 $17) 24... Qh4 (24... Rc7 $5 25. c3 Rc4) 25. c3 Bf4 $1 26. Rd4 Qxf6 27.
Rdxf4 Qg5 $17) 22. Qe1 f5 23. Qb4+ Kf7 {[#]} 24. Qd4 $2 ({missing the saving
move} 24. Nd6+ $1 Kf6 25. Ne4+ Kf7 26. Nd6+ $11) 24... Nxf3 25. Qf6+ (25. Qxa7+
{is no escape of trouble either.} Kg6 26. Rg1+ Bg5 27. Rxg5+ Kh6 $1 (27... Nxg5
28. Nxg5 Kxg5 29. Rg1+ Kh6 30. Rxg8 Qf1+ 31. Rg1 Qf3+ 32. Rg2 $11) 28. Rh5+ (
28. Qc7 Nxg5) 28... Qxh5 29. Qxe3+ Rg5 $1 $19) 25... Ke8 26. Qxe6+ Kf8 27. Qf6+
Rf7 28. Qd6+ Kg7 29. Rg1+ Kh8 30. Nf6 0-1

[Event "Heraklion blitz 5'"]
[Site "Heraklion"]
[Date "2004.11.08"]
[Round "1"]
[White "Grivas, Efstratios"]
[Black "Ivanchuk, Vassily"]
[Result "0-1"]
[WhiteElo "2520"]
[BlackElo "2715"]
[PlyCount "64"]
[EventDate "2004.11.10"]
[EventType "match (blitz)"]
[EventRounds "10"]
[EventCountry "GRE"]
[SourceTitle "EXT 2008"]
[Source "ChessBase"]
[SourceDate "2007.11.25"]
[SourceVersion "1"]
[SourceVersionDate "2007.11.25"]
[SourceQuality "1"]

1. d4 Nf6 2. c4 g6 3. Nc3 Bg7 4. e4 d6 5. Nf3 O-O 6. h3 c5 7. d5 e6 8. Bd3 exd5
9. exd5 Re8+ 10. Be3 a6 11. O-O Nbd7 12. Bf4 Qc7 13. a4 Nh5 14. Bh2 Ne5 15.
Nxe5 Bxe5 16. Bxe5 dxe5 17. Qd2 f5 18. Rfe1 Bd7 19. Bf1 Qd6 20. a5 Nf6 21. Na4
Bxa4 22. Rxa4 Rac8 23. Ra3 Rc7 24. Rb3 Nd7 25. g4 Rf8 26. gxf5 Rxf5 27. Rg3 Rf4
28. Bd3 Nf6 29. Qe3 Re7 30. Rg5 e4 31. Bf1 Rf3 32. Qd2 e3 0-1

[Event "Heraklion blitz 5'"]
[Site "Heraklion"]
[Date "2004.11.08"]
[Round "2"]
[White "Ivanchuk, Vassily"]
[Black "Grivas, Efstratios"]
[Result "1-0"]
[WhiteElo "2715"]
[BlackElo "2520"]
[PlyCount "97"]
[EventDate "2004.11.10"]
[EventType "match (blitz)"]
[EventRounds "10"]
[EventCountry "GRE"]
[SourceTitle "EXT 2008"]
[Source "ChessBase"]
[SourceDate "2007.11.25"]
[SourceVersion "1"]
[SourceVersionDate "2007.11.25"]
[SourceQuality "1"]

1. e4 c5 2. Nf3 Nc6 3. d4 cxd4 4. Nxd4 Qb6 5. Nb5 Nf6 6. Be3 Qd8 7. N1c3 a6 8.
Nd4 e5 9. Nb3 Bb4 10. Bc4 O-O 11. O-O Bxc3 12. bxc3 Nxe4 13. Qd3 Nf6 14. Rfd1
d5 15. Bxd5 Nxd5 16. Qxd5 Qxd5 17. Rxd5 Be6 18. Rd2 Rad8 19. Rad1 Rxd2 20. Rxd2
Rd8 21. Rxd8+ Nxd8 22. a3 Kf8 23. Na5 b5 24. Bb6 Ke8 25. Bxd8 Kxd8 26. Nc6+ Kc7
27. Nxe5 Kd6 28. Nd3 a5 29. Kf1 Kd5 30. Ke2 g5 31. Ke3 f6 32. Nc1 Kc4 33. Kd2
Bd5 34. g3 a4 35. Ne2 Be4 36. Nd4 Kc5 37. f4 gxf4 38. Ne6+ Kd5 39. Nxf4+ Ke5
40. Nd3+ Kf5 41. Ke3 Bd5 42. Kd4 Bc4 43. Nc5 Bf1 44. c4 Bxc4 45. Nxa4 Kg4 46.
Nc3 Kh3 47. a4 Kxh2 48. axb5 Kxg3 49. Kxc4 1-0

[Event "Heraklion blitz 5'"]
[Site "Heraklion"]
[Date "2004.11.08"]
[Round "3"]
[White "Grivas, Efstratios"]
[Black "Ivanchuk, Vassily"]
[Result "0-1"]
[WhiteElo "2520"]
[BlackElo "2715"]
[PlyCount "52"]
[EventDate "2004.11.10"]
[EventType "match (blitz)"]
[EventRounds "10"]
[EventCountry "GRE"]
[SourceTitle "EXT 2008"]
[Source "ChessBase"]
[SourceDate "2007.11.25"]
[SourceVersion "1"]
[SourceVersionDate "2007.11.25"]
[SourceQuality "1"]

1. d4 Nf6 2. c4 g6 3. Nc3 Bg7 4. e4 d6 5. Nf3 O-O 6. h3 e5 7. dxe5 dxe5 8. Qxd8
Rxd8 9. Bg5 Na6 10. Nxe5 Re8 11. Nd3 Nxe4 12. Nxe4 Rxe4+ 13. Be2 Bf5 14. Be3
Rd8 15. Rd1 Rxc4 16. O-O h5 17. Nc5 Rxd1 18. Rxd1 Rc2 19. Bxa6 bxa6 20. b3 Rxa2
21. Bd4 a5 22. Bxg7 Kxg7 23. Rd4 Rc2 24. Nb7 Be6 25. Nxa5 Ra2 26. b4 c5 0-1

[Event "Heraklion blitz 5'"]
[Site "Heraklion"]
[Date "2004.11.08"]
[Round "4"]
[White "Ivanchuk, Vassily"]
[Black "Grivas, Efstratios"]
[Result "1-0"]
[WhiteElo "2715"]
[BlackElo "2520"]
[PlyCount "37"]
[EventDate "2004.11.10"]
[EventType "match (blitz)"]
[EventRounds "10"]
[EventCountry "GRE"]
[SourceTitle "EXT 2008"]
[Source "ChessBase"]
[SourceDate "2007.11.25"]
[SourceVersion "1"]
[SourceVersionDate "2007.11.25"]
[SourceQuality "1"]

1. e4 c5 2. Nf3 Nc6 3. d4 cxd4 4. Nxd4 Qb6 5. Nb5 Nf6 6. Be3 Qd8 7. N1c3 a6 8.
Nd4 e5 9. Nde2 d5 10. Nxd5 Nxe4 11. Ng3 Nc5 12. Qd2 Nd4 13. c4 Be6 14. Bxd4
exd4 15. Qxd4 Bxd5 16. cxd5 Ne6 17. Qa4+ b5 18. Bxb5+ axb5 19. Qxb5+ 1-0

[Event "Heraklion blitz 5'"]
[Site "Heraklion"]
[Date "2004.11.08"]
[Round "5"]
[White "Grivas, Efstratios"]
[Black "Ivanchuk, Vassily"]
[Result "0-1"]
[WhiteElo "2520"]
[BlackElo "2715"]
[PlyCount "52"]
[EventDate "2004.11.10"]
[EventType "match (blitz)"]
[EventRounds "10"]
[EventCountry "GRE"]
[SourceTitle "EXT 2008"]
[Source "ChessBase"]
[SourceDate "2007.11.25"]
[SourceVersion "1"]
[SourceVersionDate "2007.11.25"]
[SourceQuality "1"]

1. d4 Nf6 2. c4 g6 3. Nc3 Bg7 4. e4 d6 5. h3 O-O 6. Nf3 e5 7. dxe5 dxe5 8. Qxd8
Rxd8 9. Bg5 Na6 10. Nd5 Rd6 11. Bxf6 Bxf6 12. Rc1 b6 13. b4 Bd8 14. a3 c6 15.
Ne3 f6 16. c5 bxc5 17. bxc5 Ba5+ 18. Ke2 Rd8 19. Nc4 Bc7 20. Ncd2 Rb8 21. Ke3
Kf8 22. Rc2 Nxc5 23. Rxc5 Bb6 24. Nb3 Bxc5+ 25. Nxc5 Rb1 26. Nd2 Re1+ 0-1